000 00959nam a2200289 i 4500
001 bg
100 1 _aZhang, Tony.
245 1 0 _aPoznaj C w 24 godziny /
_cTony Zhang ; tł. Adam Majczak.
246 _iTyt. oryg.:
_aSams teach yourself C in 24 hours
250 _aWyd. 2.
260 _aWarszawa :
_b"Infoland",
_c2001.
300 _aXIV, 583 s. :
_bil. ;
_c24 cm.
490 1 _aPoznaj w 24 Godziny
500 _aTyt. oryg.: "Sams teach yourself C in 24 hours" 2000. - Na okł. podtyt.: gdy masz czas tylko na właściwe rozwiązania : 24 jednogodzinne lekcje. - Na s. red. błędny ISBN.
650 9 _aC (język programowania)
655 _aPodręczniki
830 0 _aPoznaj w 24 Godziny
020 _a8373130071
020 _a067231861X (oryg.)
040 _cBPK
041 1 _apl
_hen
080 _a004.438(07)C
920 _a83-7313-007-1
920 _a0-672-31861-X (oryg.)
942 _cKS
008 s pl f |000 0 pol
999 _c40140
_d40140
856 _uhttp://koha.tu.koszalin.pl/cgi-bin/koha/opac-detail.pl?biblionumber=40140
_yKatalog online BPK